| 000 | 00435nam a22001577a 4500 | ||
|---|---|---|---|
| 020 | _a8121927293 | ||
| 082 | _a621.3072 MEH | ||
| 100 | _aMehta, V.K. | ||
| 245 | _aPrinciples of electrical engineering and electronics | ||
| 260 |
_aNew Delhi, India _bS. Chand & Co. Ltd. _c1996 |
||
| 300 |
_axvi, 894 p. _bill. ; |
||
| 500 | _aIncludes index. | ||
| 650 | _aElectrical engineering---electronics | ||
| 700 | _aMehta, Rohit | ||
| 942 | _cBK | ||
| 999 |
_c12519 _d12519 |
||